[Event "PRVA LIGA CS 2020"]
[Site "Bajina basta"]
[Date "2020.10.13"]
[Round "5.6"]
[White "Dimitrijevic, Nenad"]
[Black "Dimitrijevic, Ivan"]
[Result "1/2-1/2"]
[WhiteElo "2142"]
[BlackElo "2099"]
[PlyCount "43"]
[EventDate "2020.10.10"]
[WhiteTeam "OSK PARACIN - Paracin"]
[BlackTeam "BORAC - Cacak"]

1. c4 c5 2. Nf3 Nc6 3. Nc3 e5 4. d3 Be7 5. g3 d6 6. Bg2 Nf6 7. O-O O-O 8. a3 h6
9. e4 a6 10. Rb1 Bg4 11. h3 Bxf3 12. Bxf3 Nd4 13. Bg2 b5 14. cxb5 axb5 15. Ne2
Nxe2+ 16. Qxe2 Rb8 17. f4 exf4 18. Bxf4 Nd7 19. Kh2 Ne5 20. Rbd1 Bg5 21. d4
cxd4 22. Rxd4 1/2-1/2